000 00543nam a22001937a 4500
005 20260515115126.0
008 260327b |||||||| |||| 00| 0 eng d
020 _a9789391661854
040 _aIN-DiNC
_cIN-DiNC
041 _deng
082 _a320.50954
_bHUS
100 _aHussain, Monowar Md.
_eauthor
245 _aEncyclopedia of Indian political thought-II/
_cby Md. Monowar Hussain
250 _a1st ed.
260 _aMeerut:
_bBalaji publishers,
_c2024.
300 _a328p.
650 _aIndian political thought
942 _2ddc
_cBK
999 _c12322
_d12322